[Event "21. Intern. Travemünder Schach-Open"]
[Site "?"]
[Date "2004.12.30"]
[Round "7"]
[White "Wilms, Ingo"]
[Black "FM Boe, Mads"]
[Result "0-1"]
[WhiteElo "2118"]
[BlackElo "2376"]
[PlyCount "124"]
[EventDate "2004.??.??"]

1. e4 e5 2. Nf3 d6 3. d4 Nf6 4. dxe5 Nxe4 5. Qd5 Nc5 6. Bg5 Qd7 7. exd6 Qxd6 8.
Nc3 Qxd5 9. Nxd5 Bd6 10. Be3 Ne6 11. O-O-O Nc6 12. Bb5 Bd7 13. a3 O-O-O 14.
Rhe1 Rhe8 15. Kb1 h6 16. h3 Nc5 17. Nd4 Nxd4 18. Bxd7+ Kxd7 19. Bxd4 Rxe1 20.
Rxe1 Ne6 21. Be3 a6 22. g3 Re8 23. Rd1 b5 24. Nf4 Kc6 25. Nd5 Ng5 26. h4 Ne4
27. Rd3 h5 28. Nf4 g6 29. Ne2 Kb7 30. Nc3 Nf6 31. Bd4 Ng4 32. Rf3 f5 33. b4 Kc6
34. Kb2 Be5 35. Bxe5 Nxe5 36. Rf4 Nc4+ 37. Kb3 Nd2+ 38. Kb2 Re1 39. a4 Nc4+ 40.
Kb3 Nd2+ 41. Kb2 Nc4+ 42. Kb3 Nb6 43. axb5+ axb5 44. Rd4 Rf1 45. Rd8 Rxf2 46.
Rg8 Rf3 47. Rxg6+ Kb7 48. Kb2 Nc4+ 49. Kb3 Nd6 50. Kb2 f4 51. Ne2 Nc4+ 52. Ka2
Ra3+ 53. Kb1 f3 54. Nd4 Nd2+ 55. Kb2 Ra6 56. Ne6 Rxe6 57. Rxe6 f2 58. Rf6 f1=Q
59. Rxf1 Nxf1 60. g4 hxg4 61. h5 Ne3 62. h6 Nc4+ 0-1

[Event "22. Intern. Travemünder Schach-Open"]
[Site "?"]
[Date "2005.12.28"]
[Round "3"]
[White "Kritz, Leonid"]
[Black "Schmid, Thomas"]
[Result "1-0"]
[WhiteElo "2545"]
[BlackElo "2180"]
[PlyCount "75"]
[EventDate "2005.??.??"]

1. e4 e6 2. d4 d5 3. Nc3 Nf6 4. Bg5 Bb4 5. e5 h6 6. Be3 Ne4 7. Qg4 g6 8. a3
Bxc3+ 9. bxc3 c5 10. Bd3 Nxc3 11. dxc5 Nc6 12. Nf3 Qe7 13. a4 a5 14. Ra3 d4 15.
Bxd4 Nxd4 16. Qxd4 Nd5 17. Nd2 Bd7 18. Ne4 Bc6 19. O-O O-O 20. Bb5 Nb4 21. Nf6+
Kg7 22. Rh3 Rh8 23. c3 Rad8 24. Qc4 Nd5 25. Bxc6 bxc6 26. Rf3 Rb8 27. Ne4 Rhf8
28. g3 Rb2 29. Qd4 Qb7 30. Kg2 Qa6 31. c4 Rb4 32. Nd6 Ne7 33. Qh4 g5 34. Qh5
Ng6 35. Rf6 Rb7 36. Nxf7 Rfxf7 37. Qxg6+ Kf8 38. Qxh6+ 1-0

[Event "22. Intern. Travemünder Schach-Open"]
[Site "?"]
[Date "2005.12.29"]
[Round "6"]
[White "Voloshin, Leonid"]
[Black "Kritz, Leonid"]
[Result "0-1"]
[WhiteElo "2545"]
[BlackElo "2470"]
[PlyCount "54"]
[EventDate "2005.??.??"]

1. e4 c5 2. Nf3 d6 3. d4 cxd4 4. Nxd4 Nf6 5. Nc3 g6 6. Be3 Bg7 7. f3 Nc6 8. Qd2
O-O 9. Bc4 Bd7 10. O-O-O Rc8 11. Bb3 Nxd4 12. Bxd4 b5 13. a3 a5 14. Nd5 Nxd5
15. Bxg7 Kxg7 16. exd5 b4 17. axb4 axb4 18. Qxb4 Kg8 19. Rhe1 Re8 20. Rd4 Rc5
21. Kd1 Qa8 22. Ke2 Qa7 23. Kf2 Rb8 24. Qd2 Rxb3 25. cxb3 Rxd5 26. Rxe7 Rxd4
27. Qe3 Rd2+ 0-1

[Event "22. Intern. Travemünder Schach-Open"]
[Site "?"]
[Date "2005.12.29"]
[Round "5"]
[White "Lammers, Markus"]
[Black "Voloshin, Leonid"]
[Result "1/2-1/2"]
[WhiteElo "2271"]
[BlackElo "2470"]
[PlyCount "57"]
[EventDate "2005.??.??"]

1. e4 d6 2. d4 Nf6 3. Nc3 e5 4. Nf3 Nbd7 5. Bc4 Be7 6. O-O O-O 7. a4 c6 8. Ba2
b6 9. Re1 a6 10. h3 Rb8 11. Qd3 b5 12. axb5 axb5 13. b4 Bb7 14. d5 c5 15. Nxb5
cxb4 16. Be3 Qc8 17. Na7 Qc7 18. Nb5 Qc8 19. Ba7 Ra8 20. Nd2 Nc5 21. Qe3 Nfd7
22. Bc4 Ba6 23. Nb3 Bxb5 24. Bxb5 Qc7 25. Bxc5 Nxc5 26. Bc6 Rxa1 27. Rxa1 Rb8
28. Qe2 Bf8 29. g3 1/2-1/2

[Event "22. Intern. Travemünder Schach-Open"]
[Site "?"]
[Date "2005.12.29"]
[Round "5"]
[White "Kniest, Oliver"]
[Black "Muse, Mladen"]
[Result "1/2-1/2"]
[WhiteElo "2265"]
[BlackElo "2434"]
[PlyCount "114"]
[EventDate "2005.??.??"]

1. d4 Nf6 2. c4 g6 3. Nc3 Bg7 4. e4 d6 5. f4 O-O 6. Nf3 Nbd7 7. Be2 e5 8. fxe5
dxe5 9. dxe5 Ng4 10. Bg5 Qe8 11. Nd5 Ngxe5 12. Qd2 Nxf3+ 13. gxf3 Be5 14. Bf4
Qd8 15. O-O-O c6 16. Bxe5 Nxe5 17. Qc3 Re8 18. Ne3 Qh4 19. Rd2 Bh3 20. Bd1 Qf4
21. Rg1 Rad8 22. Rg3 Be6 23. b3 Rxd2 24. Qxd2 Qf6 25. Qe2 Rd8 26. Bc2 Nd7 27.
Nd1 Qa1+ 28. Bb1 Qe5 29. Qe3 Nf6 30. f4 Qd6 31. Nb2 Nh5 32. Rf3 Bg4 33. Rf2 Qd4
34. Qxd4 Rxd4 35. Bc2 f5 36. exf5 Bxf5 37. Bxf5 gxf5 38. Nd1 Nxf4 39. Kc2 Kg7
40. Ne3 Kf6 41. c5 b5 42. cxb6 axb6 43. a4 Ke6 44. Rf1 h5 45. h4 Nd5 46. Nxf5
Rxh4 47. Nxh4 Ne3+ 48. Kd3 Nxf1 49. b4 Kd5 50. Nf5 c5 51. bxc5 Kxc5 52. Ke2 Nh2
53. Ne7 Ng4 54. Kf3 Nf6 55. Kg3 Kd6 56. Nc8+ Kc7 57. Ne7 Kd7 1/2-1/2

[Event "22. Intern. Travemünder Schach-Open"]
[Site "?"]
[Date "2005.12.29"]
[Round "5"]
[White "Pedersen, Nicolai Vesterbaek"]
[Black "Puth, Dieter"]
[Result "1-0"]
[WhiteElo "2496"]
[BlackElo "2203"]
[PlyCount "95"]
[EventDate "2005.??.??"]

1. Nf3 Nf6 2. c4 g6 3. Nc3 Bg7 4. e4 d6 5. d4 O-O 6. Be2 e5 7. d5 Nbd7 8. Nd2
a5 9. h4 Nc5 10. h5 gxh5 11. Bxh5 Nxh5 12. Qxh5 Nd3+ 13. Kf1 h6 14. Nf3 Nxc1
15. Rxc1 f5 16. Re1 fxe4 17. Nxe4 Rf4 18. Nfd2 Bg4 19. Qg6 Bf5 20. Qg3 Rg4 21.
Qe3 Rh4 22. Ke2 a4 23. g3 Rxh1 24. Rxh1 Qf8 25. Qf3 Qf7 26. g4 Bd7 27. Qxf7+
Kxf7 28. f3 Rh8 29. b4 axb3 30. axb3 Ra8 31. b4 Ke7 32. Rc1 Ra4 33. Rb1 c6 34.
Nc3 Ra3 35. Nde4 cxd5 36. Nxd5+ Ke6 37. b5 Ra2+ 38. Ke3 Ra3+ 39. Kf2 Bf8 40.
Rd1 Ra2+ 41. Kg3 Rc2 42. Ne3 Re2 43. Nf5 Be7 44. Nfxd6 Bxd6 45. Rxd6+ Ke7 46.
Rxh6 Be6 47. Rh7+ Kd8 48. Nc5 1-0

[Event "22. Intern. Travemünder Schach-Open"]
[Site "?"]
[Date "2005.12.29"]
[Round "5"]
[White "Korba, Roman"]
[Black "Rabiega, Robert"]
[Result "0-1"]
[WhiteElo "2265"]
[BlackElo "2501"]
[PlyCount "86"]
[EventDate "2005.??.??"]

1. Nf3 d5 2. g3 Bg4 3. Bg2 Nd7 4. c4 e6 5. O-O c6 6. cxd5 exd5 7. d3 Bc5 8. Nc3
Ngf6 9. Bf4 Bb6 10. e4 dxe4 11. dxe4 Nc5 12. b4 Ne6 13. Be5 Nd7 14. Bd6 Bd4 15.
Rc1 Qf6 16. Nd5 Qh6 17. Qd3 Bxf3 18. Bxf3 Ne5 19. Bxe5 Bxe5 20. Bg4 Rd8 21. f4
Bd6 22. Kg2 O-O 23. e5 Bxe5 24. Ne7+ Kh8 25. Qe2 Bd6 26. Nf5 Qf6 27. Nxd6 Rxd6
28. Rcd1 Rfd8 29. Rfe1 g6 30. Bxe6 Rxe6 31. Rxd8+ Qxd8 32. Qb2+ Kg8 33. Rxe6
Qd5+ 34. Kf1 Qxe6 35. Qd4 Qxa2 36. Qd8+ Kg7 37. Qd4+ f6 38. Qd7+ Qf7 39. Qc8
Qe7 40. Kg2 Qxb4 41. Qb8 Qd2+ 42. Kh3 Qd7+ 43. Kg2 c5 0-1

[Event "22. Intern. Travemünder Schach-Open"]
[Site "?"]
[Date "2005.12.29"]
[Round "5"]
[White "Mainka, Romuald"]
[Black "Schippan, Bernhard"]
[Result "1-0"]
[WhiteElo "2457"]
[BlackElo "2265"]
[PlyCount "105"]
[EventDate "2005.??.??"]

1. Nf3 f5 2. g3 Nf6 3. Bg2 g6 4. O-O Bg7 5. d4 O-O 6. c4 d6 7. Nc3 Qe8 8. Nd5
Nxd5 9. cxd5 Nd7 10. Qc2 Nb6 11. Qxc7 Nxd5 12. Qc4 e6 13. Qb3 Kh8 14. Re1 Nf6
15. Bf4 Ne4 16. Qa3 Qd8 17. Rad1 g5 18. Bc1 Bd7 19. Nd2 Nxd2 20. Bxd2 d5 21.
Bb4 Re8 22. h3 Bc6 23. Bf3 a5 24. Bd6 Bf8 25. Be5+ Bg7 26. Bxg7+ Kxg7 27. Bh5
Rf8 28. Kh2 Kh8 29. Bf3 Qf6 30. e3 Rg8 31. Rd2 Qf8 32. Qxf8 Rgxf8 33. Rc1 Kg7
34. Kg2 Rfe8 35. Be2 Rac8 36. g4 fxg4 37. Bxg4 Bd7 38. Rg1 Kf6 39. Kh2 Rc7 40.
Be2 Rec8 41. Bd3 Be8 42. f3 h6 43. f4 Rg7 44. Rf2 Ke7 45. Rfg2 Bg6 46. Bxg6
Rxg6 47. h4 Rh8 48. Kh3 Kf6 49. Rg4 Rhg8 50. h5 R6g7 51. Rf1 gxf4 52. Rgxf4+
Kg5 53. Rg1+ 1-0

[Event "22. Intern. Travemünder Schach-Open"]
[Site "?"]
[Date "2005.12.29"]
[Round "5"]
[White "Gaede, Derek"]
[Black "Schaefer, Markus"]
[Result "0-1"]
[WhiteElo "2193"]
[BlackElo "2346"]
[PlyCount "52"]
[EventDate "2005.??.??"]

1. d4 Nf6 2. c4 g6 3. Nc3 Bg7 4. e4 d6 5. f3 O-O 6. Bg5 c5 7. d5 h6 8. Be3 e6
9. Qd2 exd5 10. cxd5 h5 11. Nge2 Nbd7 12. Nc1 a6 13. a4 Ne5 14. Be2 Re8 15. h3
Nh7 16. f4 Nd7 17. g4 Bxc3 18. bxc3 Ndf6 19. e5 dxe5 20. O-O hxg4 21. Bxc5 Ne4
22. Qe3 exf4 23. Rxf4 Neg5 24. Qg3 Nxh3+ 25. Kh2 Nxf4 26. Qxf4 Qh4+ 0-1

[Event "22. Intern. Travemünder Schach-Open"]
[Site "?"]
[Date "2005.12.29"]
[Round "5"]
[White "Boe, Mads"]
[Black "Müller, Fabian"]
[Result "1/2-1/2"]
[WhiteElo "2344"]
[BlackElo "2231"]
[PlyCount "79"]
[EventDate "2005.??.??"]

1. e4 c5 2. c3 Nf6 3. e5 Nd5 4. d4 cxd4 5. Nf3 e6 6. cxd4 d6 7. a3 Bd7 8. Bd3
Bc6 9. O-O Nd7 10. Re1 Qc7 11. b4 a6 12. Bd2 Be7 13. Ra2 dxe5 14. dxe5 Qb6 15.
Nc3 Nxc3 16. Bxc3 O-O 17. Rd2 Rfd8 18. Bb1 Nf8 19. Bd4 Qc7 20. Qe2 Rd7 21. Qe3
Rc8 22. Rc2 Qb8 23. Bb6 Ba4 24. Rcc1 Rxc1 25. Rxc1 Rd1+ 26. Rxd1 Bxd1 27. Be4
Ba4 28. h3 Qc8 29. Bd4 Qd7 30. Bc5 Bxc5 31. Qxc5 Bc6 32. Bxc6 bxc6 33. Qc4 Qd1+
34. Kh2 Qa4 35. Qc3 Qb5 36. Qd4 h6 37. h4 Qa4 38. Qc3 Nd7 39. Qd3 c5 40. bxc5
1/2-1/2

[Event "22. Intern. Travemünder Schach-Open"]
[Site "?"]
[Date "2005.12.29"]
[Round "6"]
[White "Pedersen, Daniel Vest"]
[Black "Masio, Andreas"]
[Result "1/2-1/2"]
[WhiteElo "2294"]
[BlackElo "2177"]
[PlyCount "98"]
[EventDate "2005.??.??"]

1. e4 c5 2. c3 Nf6 3. e5 Nd5 4. d4 cxd4 5. Nf3 Nc6 6. Bc4 e6 7. cxd4 d6 8. O-O
Qc7 9. Qe2 dxe5 10. dxe5 a6 11. Nc3 Nxc3 12. bxc3 b5 13. Bd3 Bb7 14. Re1 Rd8
15. a4 b4 16. Bg5 Ra8 17. cxb4 Nxb4 18. Rac1 Qd7 19. Bb1 Nd5 20. Rc4 a5 21. Qc2
Ba6 22. Rg4 Rc8 23. Qb3 h5 24. Rh4 Bb4 25. Bd2 g5 26. Rd4 Bc5 27. Bd3 Qa7 28.
Bxa6 Qxa6 29. Rd3 g4 30. Ng5 Qb6 31. Ne4 Qxb3 32. Rxb3 O-O 33. h3 gxh3 34. Rxh3
Bd4 35. Rxh5 Rc2 36. Rd1 f5 37. Ng5 Bxe5 38. Nxe6 Rb8 39. Rxf5 Rxd2 40. Re1 Bd4
41. Re4 Bf6 42. Nc7 Nxc7 43. Rxf6 Rd7 44. Rf5 Rb4 45. Ree5 Rxa4 46. Rg5+ Kf7
47. Rgf5+ Kg8 48. Rg5+ Kf7 49. Rgf5+ Kg8 1/2-1/2

[Event "22. Intern. Travemünder Schach-Open"]
[Site "?"]
[Date "2005.12.28"]
[Round "4"]
[White "Pedersen, Daniel Vesterbaek"]
[Black "Lampe, Joerg"]
[Result "1-0"]
[WhiteElo "2294"]
[BlackElo "2157"]
[PlyCount "81"]
[EventDate "2005.??.??"]

1. e4 c5 2. c3 e5 3. Nf3 Nc6 4. Bc4 Qc7 5. O-O Be7 6. Ng5 Nd8 7. f4 exf4 8. Nf3
Ne6 9. Na3 a6 10. d4 cxd4 11. cxd4 Bxa3 12. Bxe6 dxe6 13. Qa4+ Bd7 14. Qxa3 Bb5
15. Re1 Qe7 16. Qb3 Nf6 17. a4 Bd7 18. Qxb7 O-O 19. Bxf4 Nh5 20. Bg5 f6 21. Be3
g5 22. e5 Rab8 23. Qxa6 Nf4 24. Bxf4 gxf4 25. Re2 Bc8 26. Qa5 f5 27. Qd2 Ba6
28. Rf2 Qd7 29. b4 Bb7 30. b5 Be4 31. Qxf4 Kh8 32. Qh4 Rb7 33. Qh6 Ra8 34. Qf6+
Kg8 35. Ng5 Qxd4 36. Qxe6+ Kh8 37. Rc1 Qe3 38. Rc8+ Rxc8 39. Qxc8+ Kg7 40. Nxe4
Qxe4 41. Qxf5 1-0

[Event "22. Intern. Travemünder Schach-Open"]
[Site "?"]
[Date "2005.12.28"]
[Round "3"]
[White "Lampe, Joerg"]
[Black "Heyken, Enno"]
[Result "1-0"]
[WhiteElo "2157"]
[BlackElo "2332"]
[PlyCount "77"]
[EventDate "2005.??.??"]

1. e4 e6 2. d4 d5 3. Nd2 Nf6 4. Bd3 c5 5. c3 Nc6 6. Ngf3 cxd4 7. cxd4 dxe4 8.
Nxe4 Be7 9. O-O O-O 10. Nc3 a6 11. Re1 b5 12. a3 Bb7 13. Bg5 Nd5 14. Bxe7 Ncxe7
15. Ne5 Nf4 16. Be4 Ned5 17. Qf3 Rc8 18. Nxd5 Nxd5 19. Rad1 f5 20. Bb1 Rc7 21.
Qg3 Nf6 22. Ba2 Bd5 23. Bxd5 exd5 24. Qg5 Qd6 25. f3 Rc2 26. Qxf5 Rxb2 27. Rc1
Qb6 28. Nc6 Kh8 29. Qe6 h6 30. Qf5 Rd2 31. Kh1 Rxd4 32. Nxd4 Qxd4 33. Rc8 Rxc8
34. Qxc8+ Kh7 35. Qf5+ Kh8 36. Rc1 Qe3 37. Rc8+ Ne8 38. h3 d4 39. Qd5 1-0

[Event "22. Intern. Travemünder Schach-Open"]
[Site "?"]
[Date "2005.12.28"]
[Round "3"]
[White "Voloshin, Leonid"]
[Black "Wiertzema, Michael"]
[Result "1-0"]
[WhiteElo "2470"]
[BlackElo "2231"]
[PlyCount "89"]
[EventDate "2005.??.??"]

1. d4 Nf6 2. c4 g6 3. g3 c5 4. d5 d6 5. Nc3 Bg7 6. Bg2 Na6 7. Nf3 Nc7 8. O-O
O-O 9. e4 b5 10. cxb5 Rb8 11. a4 a6 12. bxa6 Bxa6 13. Re1 Rb4 14. Qc2 Qa8 15.
Bd2 Nd7 16. Nd1 Rb7 17. Bc3 Rfb8 18. Ra3 Nf6 19. Qd2 Qa7 20. Ne3 Nd7 21. Nc4
Bxc3 22. Qxc3 Nb6 23. Nfd2 Nxc4 24. Nxc4 Bxc4 25. Qxc4 Rxb2 26. Qd3 Qa5 27.
Raa1 Na8 28. Bf1 Nb6 29. Qe3 Qa7 30. Qc1 Rb3 31. Bb5 Qa5 32. e5 Kg7 33. exd6
exd6 34. Qf4 Nc8 35. Re8 Qc7 36. Rae1 Rb7 37. Qc1 Rf3 38. Qa1+ Kh6 39. Kg2 Rf5
40. Qc1+ Kg7 41. Qc3+ Kh6 42. Qh8 Na7 43. Qf8+ Kh5 44. f3 Rf6 45. Qg7 1-0

[Event "25. Intern. Travemünder Schach-Open"]
[Site "?"]
[Date "2008.12.27"]
[Round "1"]
[White "GM Rabiega, Robert"]
[Black "Bergau, Rolf"]
[Result "1-0"]
[WhiteElo "2543"]
[BlackElo "1962"]
[PlyCount "33"]
[EventDate "2008.??.??"]

1. e4 c5 2. c3 Nc6 3. d4 cxd4 4. cxd4 d6 5. Nf3 e6 6. Nc3 g6 7. d5 exd5 8. exd5
Nce7 9. Bb5+ Bd7 10. Qd4 f6 11. O-O Bxb5 12. Nxb5 Qd7 13. Qc4 Rc8 14. Qb3 Rc5
15. Nc3 Nf5 16. Re1+ Nge7 17. Ne4 1-0

[Event "25. Intern. Travemünder Schach-Open"]
[Site "?"]
[Date "2008.12.27"]
[Round "1"]
[White "Jablonowski, Christoph"]
[Black "IM Milov, Leonid"]
[Result "0-1"]
[WhiteElo "1961"]
[BlackElo "2539"]
[PlyCount "62"]
[EventDate "2008.??.??"]

1. d4 Nf6 2. c4 c5 3. d5 a6 4. Nc3 b5 5. cxb5 axb5 6. e4 b4 7. Nb5 d6 8. Bf4 g5
9. Bxg5 Nxe4 10. Bf4 Qa5 11. Bc4 Bg7 12. Qe2 b3+ 13. Kf1 f5 14. a4 O-O 15. f3
Nd7 16. g3 Nb6 17. fxe4 fxe4 18. Kg2 Qb4 19. Rc1 Bxb2 20. Qxb2 Nxc4 21. Qc3 b2
22. Rb1 Rxa4 23. Qxb4 Rxb4 24. Nc3 Na3 25. Re1 b1=Q 26. Nxb1 Nxb1 27. Ne2 Rb2
28. Rxb1 Rxe2+ 29. Kf1 Ba6 30. Kg1 Bd3 31. Ra1 Rb2 0-1

[Event "25. Intern. Travemünder Schach-Open"]
[Site "?"]
[Date "2008.12.27"]
[Round "1"]
[White "GM Kalinitschew, Sergey"]
[Black "Anders, Sönke"]
[Result "1-0"]
[WhiteElo "2492"]
[BlackElo "1955"]
[PlyCount "59"]
[EventDate "2008.??.??"]

1. d4 g6 2. e4 Bg7 3. Nc3 c5 4. d5 d6 5. Nf3 Nf6 6. Bb5+ Bd7 7. a4 O-O 8. O-O
Bg4 9. Be2 Na6 10. Nd2 Bxe2 11. Qxe2 Nc7 12. Nc4 e6 13. Qf3 exd5 14. exd5 Qd7
15. Bf4 Nfe8 16. Rfd1 b5 17. axb5 Nxb5 18. Nb6 axb6 19. Rxa8 Nd4 20. Qd3 b5 21.
Re1 c4 22. Qd2 b4 23. Ne2 Qb7 24. Ra4 c3 25. bxc3 Nxe2+ 26. Qxe2 Bxc3 27. Rd1
Nf6 28. Qa6 Qd7 29. Bxd6 Re8 30. Bxb4 1-0

[Event "25. Intern. Travemünder Schach-Open"]
[Site "?"]
[Date "2008.12.27"]
[Round "1"]
[White "Lick, Patrick"]
[Black "GM Mainka, Romuald"]
[Result "0-1"]
[WhiteElo "1955"]
[BlackElo "2482"]
[PlyCount "74"]
[EventDate "2008.??.??"]

1. e4 c5 2. Nf3 e6 3. Nc3 a6 4. d4 cxd4 5. Nxd4 Qc7 6. Bd3 Nf6 7. O-O Bc5 8.
Nb3 Be7 9. f4 d6 10. Kh1 Nc6 11. a4 b6 12. Qe2 O-O 13. Be3 Bb7 14. Nd4 Nb4 15.
f5 e5 16. Nf3 Rfe8 17. Bg5 Rac8 18. Rad1 Nd7 19. Rd2 Bxg5 20. Nxg5 Nf6 21. Nh3
Qc5 22. Nf2 Nxd3 23. cxd3 b5 24. axb5 axb5 25. Ng4 Nxg4 26. Qxg4 f6 27. Rfd1 b4
28. Ne2 Qe3 29. Ng3 b3 30. Re2 Qh6 31. Qh5 Qxh5 32. Nxh5 Rc2 33. Ng3 Rec8 34.
Kg1 Rxe2 35. Nxe2 Rc2 36. Kf2 d5 37. exd5 Bxd5 0-1

[Event "25. Intern. Travemünder Schach-Open"]
[Site "?"]
[Date "2008.12.27"]
[Round "1"]
[White "Ananjew, Alexander"]
[Black "Wagner, Dennis"]
[Result "0-1"]
[WhiteElo "1219"]
[BlackElo "2000"]
[PlyCount "58"]
[EventDate "2008.??.??"]

1. d4 d5 2. c4 c6 3. Nc3 Nf6 4. Bg5 e6 5. e3 Nbd7 6. Nf3 Qa5 7. Bxf6 Nxf6 8.
cxd5 Nxd5 9. Qb3 Bb4 10. Rc1 O-O 11. Bc4 b6 12. Bxd5 cxd5 13. O-O Ba6 14. Rfd1
Bc4 15. Qc2 Rfc8 16. Qd2 Rc7 17. a3 Bd6 18. Ne2 Qxd2 19. Rxd2 Rac8 20. Nc3 Ba6
21. Rdc2 Bd3 22. Rd2 Bxa3 23. bxa3 Rxc3 24. Rxc3 Rxc3 25. h3 Rxa3 26. Ne5 Bc4
27. Rc2 b5 28. Nc6 Kf8 29. Nb4 a5 0-1

[Event "25. Intern. Travemünder Schach-Open"]
[Site "?"]
[Date "2008.12.27"]
[Round "1"]
[White "Neitzel, Jürgen"]
[Black "Bulygin, Anton"]
[Result "0-1"]
[WhiteElo "924"]
[BlackElo "1982"]
[PlyCount "42"]
[EventDate "2008.??.??"]

1. d4 Nf6 2. Nf3 d5 3. e3 e6 4. Bd3 c5 5. c3 Nc6 6. O-O Be7 7. h3 Qc7 8. Qe2 h5
9. Nbd2 a6 10. b3 Rg8 11. Ba3 b6 12. c4 g5 13. cxd5 exd5 14. Bb2 g4 15. hxg4
Bxg4 16. dxc5 bxc5 17. e4 d4 18. Bxa6 Bh3 19. Nh4 Ng4 20. Ndf3 Bxh4 21. Nxh4
Qh2# 0-1

[Event "25. Intern. Travemünder Schach-Open"]
[Site "?"]
[Date "2008.12.27"]
[Round "2"]
[White "Jahncke, Giso"]
[Black "GM Rabiega, Rabiega"]
[Result "0-1"]
[WhiteElo "2103"]
[BlackElo "2543"]
[PlyCount "168"]
[EventDate "2008.??.??"]

1. e4 e5 2. Nf3 Nc6 3. Bb5 a6 4. Ba4 Nf6 5. O-O Be7 6. Qe2 b5 7. Bb3 d6 8. c3
O-O 9. Rd1 Bg4 10. h3 Bh5 11. d3 Na5 12. Bc2 c5 13. Nbd2 Nc6 14. Nf1 Nd7 15. g4
Bg6 16. Ng3 Nb6 17. d4 cxd4 18. cxd4 exd4 19. Nxd4 Nxd4 20. Rxd4 Bf6 21. Rd1
Qe7 22. a4 b4 23. a5 Nd7 24. Bb3 Nc5 25. Bd5 Rae8 26. f3 Bg5 27. Bxg5 Qxg5 28.
Qd2 Qe7 29. Kg2 Rb8 30. Nf1 Kh8 31. Ne3 Ne6 32. Nc4 Qf6 33. Kg3 h5 34. h4 hxg4
35. fxg4 Nc5 36. Qf4 Qxf4+ 37. Kxf4 Rbd8 38. Rac1 Nb3 39. Rc2 Rfe8 40. Re2 Nc5
41. h5 Bh7 42. g5 Re7 43. Kf3 Nd7 44. Rh2 f5 45. Rd4 fxe4+ 46. Bxe4 Rf8+ 47.
Kg3 Rxe4 48. Rxe4 Bxe4 49. Nxd6 Rf3+ 50. Kh4 Bf5 51. g6 Bd3 52. Nf7+ Kg8 53.
Kg4 Re3 54. Rf2 Nf6+ 55. Kh4 Re4+ 56. Kh3 Nxh5 57. Ng5 Re3+ 58. Kg4 Nf6+ 59.
Kf4 Nd5+ 60. Kg4 Bxg6 61. Rd2 Re5 62. Nf3 Bh5+ 63. Kg3 Bxf3 64. Kxf3 Kf7 65.
Rc2 Re3+ 66. Kf2 Rb3 67. Ke1 Ne7 68. Kd1 g5 69. Kc1 Rf3 70. Rc4 Rf4 71. Rc5 g4
72. b3 Kf6 73. Kd2 g3 74. Rc1 Rf2+ 75. Ke3 Nf5+ 76. Ke4 Kg5 77. Rg1 Kg4 78. Kd5
Rc2 79. Ke4 g2 80. Kd5 Ne3+ 81. Ke4 Nf5 82. Kd5 Kf3 83. Ke5 Kf2 84. Rd1 g1=Q
0-1

[Event "25. Intern. Travemünder Schach-Open"]
[Site "?"]
[Date "2008.12.27"]
[Round "2"]
[White "IM Milov, Leonid"]
[Black "Tönniges, Thomas"]
[Result "1-0"]
[WhiteElo "2539"]
[BlackElo "2098"]
[PlyCount "114"]
[EventDate "2008.??.??"]

1. e4 c5 2. Nf3 d6 3. d4 cxd4 4. Nxd4 Nf6 5. Nc3 g6 6. Be3 Bg7 7. f3 O-O 8. Qd2
Nc6 9. O-O-O Bd7 10. Be2 Rc8 11. g4 Ne5 12. h4 h5 13. gxh5 Nxh5 14. Rdg1 Nc4
15. Bxc4 Rxc4 16. Nde2 b5 17. Nd5 e6 18. Bg5 f6 19. Be3 exd5 20. Qxd5+ Kh7 21.
Rxg6 Kxg6 22. Rg1+ Kh7 23. Qxh5+ Kg8 24. Rxg7+ Kxg7 25. Bh6+ Kh7 26. Bxf8+ Kg8
27. Bxd6 Be8 28. Qg4+ Kh7 29. Qf5+ Bg6 30. Qxb5 Qc8 31. c3 a6 32. Qd5 Rc6 33.
h5 Be8 34. Nf4 Qd7 35. Bf8 Qc8 36. Bb4 a5 37. Qxa5 Bf7 38. Qa7 Rc7 39. Qd4 Qa6
40. Qd3 Bc4 41. Qd8 Rg7 42. Qa5 Qc8 43. b3 Bf7 44. Kb2 Qd7 45. Qf5+ Qxf5 46.
exf5 Rg5 47. a4 Rxf5 48. Bd6 Bxh5 49. Nxh5 Rxh5 50. b4 Rd5 51. Bc5 Kg6 52. a5
Kf5 53. a6 Ke6 54. Bb6 Rh5 55. a7 Rh8 56. Bc7 Kd7 57. Bb6 Ke6 1-0

[Event "25. Intern. Travemünder Schach-Open"]
[Site "?"]
[Date "2008.12.27"]
[Round "2"]
[White "Brümmel, Arend"]
[Black "GM Kalinitschew, Sergey"]
[Result "1-0"]
[WhiteElo "2094"]
[BlackElo "2492"]
[PlyCount "99"]
[EventDate "2008.??.??"]

1. d4 e6 2. c4 Bb4+ 3. Nd2 d5 4. e3 c5 5. cxd5 exd5 6. a3 Bxd2+ 7. Qxd2 cxd4 8.
Qxd4 Nf6 9. b4 Nc6 10. Bb5 O-O 11. Bxc6 bxc6 12. Ne2 a5 13. O-O Re8 14. Ng3 Ne4
15. Bb2 f6 16. Rfc1 Ra6 17. Nf1 Ng5 18. Nd2 Rb6 19. bxa5 Ra6 20. Nb3 Re4 21.
Qd3 Rg4 22. Nd4 Qe8 23. f3 Rh4 24. Rc2 Nf7 25. f4 Nd6 26. Nxc6 Rxc6 27. Qxd5+
Nf7 28. Qxc6 Bd7 29. Qb6 Rh5 30. a4 Rd5 31. Rac1 Rd6 32. Qa7 Bf5 33. Rc7 Rd2
34. Re7 Qf8 35. Bd4 Nd6 36. h3 Be4 37. Rxe4 Nxe4 38. Qb7 Nd6 39. Qb4 Re2 40.
Bc5 Qa8 41. Qb3+ Kh8 42. e4 Qxe4 43. Qf3 Re1+ 44. Rxe1 Qxe1+ 45. Kh2 Ne4 46. a6
f5 47. a7 Qa5 48. Qb3 h6 49. Qb8+ Kh7 50. a8=Q 1-0

[Event "25. Intern. Travemünder Schach-Open"]
[Site "?"]
[Date "2008.12.27"]
[Round "2"]
[White "GM Mainka, Romuald"]
[Black "Schlesinger, Christian"]
[Result "1-0"]
[WhiteElo "2482"]
[BlackElo "2094"]
[PlyCount "65"]
[EventDate "2008.??.??"]

1. e4 c5 2. Nf3 Nc6 3. Bb5 Qb6 4. Nc3 e6 5. Bxc6 bxc6 6. O-O d5 7. d3 Nf6 8. e5
Nd7 9. Re1 Be7 10. b3 O-O 11. Bg5 Qd8 12. Bxe7 Qxe7 13. Qd2 Rb8 14. Na4 f6 15.
c4 Rb7 16. Rac1 fxe5 17. Nxe5 Nxe5 18. Rxe5 Qf6 19. Rce1 Rbf7 20. R1e2 Qe7 21.
Qe3 dxc4 22. bxc4 Qb7 23. Rb2 Qa6 24. Nxc5 Qa3 25. Re2 Qb4 26. h3 Qb1+ 27. Kh2
Qf1 28. Ne4 Qa1 29. Nd6 Rxf2 30. Rxf2 Rxf2 31. Nxc8 Qf1 32. Qg3 Rxa2 33. Rxe6
1-0

[Event "25. Intern. Travemünder Schach-Open"]
[Site "?"]
[Date "2008.12.27"]
[Round "2"]
[White "Wagner, Dennis"]
[Black "Von Hassel, Ulf"]
[Result "0-1"]
[WhiteElo "2000"]
[BlackElo "2178"]
[PlyCount "72"]
[EventDate "2008.??.??"]

1. e4 c5 2. Nc3 d6 3. Nge2 a6 4. d4 cxd4 5. Nxd4 Nf6 6. Bc4 e6 7. O-O Be7 8.
Bb3 O-O 9. f4 Nc6 10. Nxc6 bxc6 11. Qe2 d5 12. e5 Nd7 13. Na4 a5 14. Qh5 g6 15.
Qf3 f6 16. Qh3 f5 17. Be3 Ba6 18. Rfd1 Be2 19. Rd2 Bg4 20. Qh6 Rf7 21. c4 Bf8
22. Qg5 Be7 23. Qh6 Bf8 24. Qg5 Qxg5 25. fxg5 Bb4 26. Rc2 Nxe5 27. cxd5 cxd5
28. Nb6 Rd8 29. h3 Bh5 30. Bf4 Nd3 31. Bc7 Rxc7 32. Rxc7 Bc5+ 33. Rxc5 Nxc5 34.
Re1 Kf7 35. Na4 Nxb3 36. axb3 d4 0-1

[Event "25. Intern. Travemünder Schach-Open"]
[Site "?"]
[Date "2008.12.27"]
[Round "2"]
[White "Masio, Andreas"]
[Black "Svane, Rasmus"]
[Result "1-0"]
[WhiteElo "2138"]
[BlackElo "1967"]
[PlyCount "83"]
[EventDate "2008.??.??"]

1. Nf3 c5 2. e4 e6 3. d3 d5 4. Nbd2 Nc6 5. c3 Nf6 6. g3 Be7 7. Qc2 O-O 8. Bg2
b6 9. O-O Bb7 10. Re1 Qc7 11. Nf1 dxe4 12. dxe4 Rfd8 13. Bf4 e5 14. Bg5 Ba6 15.
Rad1 Rxd1 16. Rxd1 Rd8 17. Ne3 Rxd1+ 18. Qxd1 Qd7 19. Qa4 Bd3 20. Nd5 b5 21.
Qd1 c4 22. Bxf6 Bxf6 23. Bf1 Ne7 24. Nxe7+ Qxe7 25. Bxd3 cxd3 26. Qxd3 a6 27.
Qd5 Qe8 28. b3 h5 29. h4 Kh7 30. c4 bxc4 31. bxc4 Qe7 32. c5 g6 33. a4 Kg7 34.
c6 Qc7 35. a5 Kf8 36. Nd2 Ke8 37. Nc4 Qd8 38. Nb6 Qc7 39. Nd7 Bg7 40. Qc5 Kd8
41. Nb6 Qb8 42. Qd5+ 1-0